000 00617cam a2200205 4500
001 2073
005 20181127164517.0
008 711108s1965 nyua b 000 0 eng
010 _a 65026322
100 1 _aTanner, J. M.
_q(James Mourilyan)
245 0 0 _aGrowth /
_c James M. Tanner.
260 _aNew York :
_bTime, Inc.,
_c1965.
300 _a200 p. :
_bill. ;
_c28 cm.
440 0 _aLife science library
504 _aBibliography: p. 194.
650 0 _aGrowth.
700 _aGordon Rattray Taylor.
_b
_c
_d
_e
_k
_l
_m
_n
_o
_p
_q
_r
_s
_t
700 1 _aTaylor, Gordon Rattray,
_ejoint author.
730 0 _aLife (Chicago, Ill.)
999 _c1621
_d1621